LEADER 01772nam 2200409z- 450 001 9910694050203321 005 20060925100234.0 035 $a(CKB)5860000000018152 035 $a(BIP)013482151 035 $a(EXLCZ)995860000000018152 100 $a20220406c2005uuuu -u- - 101 0 $aeng 200 10$aAssessing public health and the delivery of care in the wake of Katrina $ejoint hearing before the Subcommittee on Health and the Subcommittee on Oversight and Investigations of the Committee on Energy and Commerce, House of Representatives, One Hundred Ninth Congress, first session, September 22, 2005 215 $a1 online resource (v, 112 p.) 311 $a0-16-075923-4 517 $aAssessing public health and the delivery of care in the wake of Katrina 606 $aEmergency medical services$zGulf States 606 $aPublic health administration$zGulf States 606 $aDisaster relief$zGulf States 606 $aHurricane Katrina, 2005 610 $aEmergency medical services 610 $aPublic health administration 610 $aDisaster relief 610 $aHurricane katrina, 2005 610 $aMedical 610 $aSocial science 610 $aNature 615 0$aEmergency medical services 615 0$aPublic health administration 615 0$aDisaster relief 615 0$aHurricane Katrina, 2005. 712 02$aUnited States, Congress House Committee on Energy and Commerce Subcommittee on Health Staff,$4oth 712 02$aUnited States, Congress House Committee on Energy and Commerce Subcommittee on Oversight and Investigations Staff,$4oth 906 $aBOOK 912 $a9910694050203321 996 $aAssessing public health and the delivery of care in the wake of Katrina$93151091 997 $aUNINA